South Eastern Kenya University

Library Online Public Access Catalogue


Tillich : (Record no. 16537)

MARC details
000 -LEADER
fixed length control field 00946cam a22003137a 4500
001 - CONTROL NUMBER
control field 15554027
003 - CONTROL NUMBER IDENTIFIER
control field OSt
005 - DATE AND TIME OF LATEST TRANSACTION
control field 20180417102356.0
008 - FIXED-LENGTH DATA ELEMENTS--GENERAL INFORMATION
fixed length control field 081212s2008 enk b 001 0 eng
010 ## - LIBRARY OF CONGRESS CONTROL NUMBER
LC control number 2008301198
015 ## - NATIONAL BIBLIOGRAPHY NUMBER
National bibliography number GBA873194
Source bnb
016 7# - NATIONAL BIBLIOGRAPHIC AGENCY CONTROL NUMBER
Record control number 014633236
Source Uk
020 ## - INTERNATIONAL STANDARD BOOK NUMBER
International Standard Book Number 0567032906 (hbk.)
020 ## - INTERNATIONAL STANDARD BOOK NUMBER
International Standard Book Number 9780567032904 (hbk.)
020 ## - INTERNATIONAL STANDARD BOOK NUMBER
International Standard Book Number 0567032914 (pbk.)
020 ## - INTERNATIONAL STANDARD BOOK NUMBER
International Standard Book Number 9780567032911 (pbk.)
035 ## - SYSTEM CONTROL NUMBER
System control number (OCoLC)ocn212847452
040 ## - CATALOGING SOURCE
Original cataloging agency SEKU
050 00 - LIBRARY OF CONGRESS CALL NUMBER
Classification number BX 4827.T5
Item number O5
100 1# - MAIN ENTRY--PERSONAL NAME
Personal name O'Neill, Andrew.
245 10 - TITLE STATEMENT
Title Tillich :
Remainder of title a guide for the perplexed /
Statement of responsibility, etc. Andrew O'Neill.
260 ## - PUBLICATION, DISTRIBUTION, ETC. (IMPRINT)
Place of publication, distribution, etc. London ;
-- New York :
Name of publisher, distributor, etc. T & T Clark,
Date of publication, distribution, etc. c2008.
300 ## - PHYSICAL DESCRIPTION
Extent 164 p. ;
504 ## - BIBLIOGRAPHY, ETC. NOTE
Bibliography, etc Includes bibliographical references (p. 135-158) and index.
600 10 - SUBJECT ADDED ENTRY--PERSONAL NAME
Personal name Tillich, Paul,
Dates associated with a name 1886-1965.
650 #0 - SUBJECT ADDED ENTRY--TOPICAL TERM
Topical term or geographic name as entry element Theology.
856 41 - ELECTRONIC LOCATION AND ACCESS
Materials specified Table of contents only
Uniform Resource Identifier <a href="http://www.loc.gov/catdir/toc/fy0906/2008301198.html">http://www.loc.gov/catdir/toc/fy0906/2008301198.html</a>
942 ## - ADDED ENTRY ELEMENTS (KOHA)
Source of classification or shelving scheme Library of Congress Classification
Koha item type General circulation
Holdings
Withdrawn status Lost status Source of classification or shelving scheme Damaged status Not for loan Home library Current library Shelving location Date acquired Total Checkouts Full call number Barcode Date last seen Price effective from Koha item type
    Library of Congress Classification     Main Campus Library Main Campus Library General Stacks 17/04/2018   BX 4827.T5O5 2018/020559 17/04/2018 17/04/2018 General circulation
Kitui, Kenya.
+254736116989
library@seku.ac.ke